LEADER 01319nam 2200373Ia 450 001 996393495503316 005 20221108072259.0 035 $a(CKB)4940000000118082 035 $a(EEBO)2240850393 035 $a(OCoLC)18218346 035 $a(EXLCZ)994940000000118082 100 $a19880715d1680 uy | 101 0 $aeng 135 $aurbn||||a|bb| 200 12$aA supplement to The queen-like closet, or, A little of everything$b[electronic resource] $epresented to all ingenious ladies, and gentlewomen /$fby Hannah Woolley .. 210 $aLondon $cPrinted for R. Chiswel ... and T. Sawbridge ...$d1680 215 $a[16], 200 p 300 $aImperfect: tightly bound and stained, with print show-through and some loss of print. 300 $aReproduction of original in the Huntington Library 330 $aeebo-0113 606 $aCookery$vEarly works to 1800 606 $aHome economics$vEarly works to 1800 615 0$aCookery 615 0$aHome economics 700 $aWoolley$b Hannah$ffl. 1670.$01002441 701 $aWoolley$b Hannah$ffl. 1670.$01002441 801 0$bEAI 801 1$bEAI 801 2$bUMI 801 2$bWaOLN 906 $aBOOK 912 $a996393495503316 996 $aA supplement to The queen-like closet, or A little of everything$92311341 997 $aUNISA LEADER 02709oam 2200877zu 450 001 9910830842403321 005 20210807002928.0 010 $a3-906390-44-6 035 $a(CKB)1000000000376011 035 $a(SSID)ssj0000354338 035 $a(PQKBManifestationID)11256491 035 $a(PQKBTitleCode)TC0000354338 035 $a(PQKBWorkID)10313163 035 $a(PQKB)11676683 035 $a(EXLCZ)991000000000376011 100 $a20160829d2003 uy 101 0 $aeng 181 $ctxt 182 $cc 183 $acr 200 10$aHydrolysis in drug and prodrug metabolism : chemistry, biochemistry, and enzymology 210 31$a[Place of publication not identified]$cWiley VCH$d2003 300 $aBibliographic Level Mode of Issuance: Monograph 311 $a3-906390-25-X 606 $aDrugs$xMetabolism 606 $aXenobiotics$xMetabolism 606 $aHydrolysis$xEffect of drugs on 606 $aHydration 606 $aEnzymes 606 $aHydrolysis 606 $aPharmaceutical Preparations 606 $aXenobiotics 606 $aEnzymes 606 $aBiochemical Processes 606 $aChemicals and Drugs 606 $aChemical Processes 606 $aEnzymes and Coenzymes 606 $aMetabolism 606 $aBiochemical Phenomena 606 $aChemical Phenomena 606 $aMetabolic Phenomena 606 $aPhenomena and Processes 606 $aPharmacy, Therapeutics, & Pharmacology$2HILCC 606 $aAnimal Biochemistry$2HILCC 606 $aHealth & Biological Sciences$2HILCC 606 $aHuman Anatomy & Physiology$2HILCC 615 0$aDrugs$xMetabolism 615 0$aXenobiotics$xMetabolism 615 0$aHydrolysis$xEffect of drugs on 615 0$aHydration 615 0$aEnzymes 615 2$aHydrolysis 615 2$aPharmaceutical Preparations 615 2$aXenobiotics 615 2$aEnzymes 615 2$aBiochemical Processes 615 2$aChemicals and Drugs 615 2$aChemical Processes 615 2$aEnzymes and Coenzymes 615 2$aMetabolism 615 2$aBiochemical Phenomena 615 2$aChemical Phenomena 615 2$aMetabolic Phenomena 615 2$aPhenomena and Processes 615 7$aPharmacy, Therapeutics, & Pharmacology 615 7$aAnimal Biochemistry 615 7$aHealth & Biological Sciences 615 7$aHuman Anatomy & Physiology 676 $a572.79343 700 $aTesta$b Bernard$0290760 702 $aMayer$b Joachim M 801 0$bPQKB 906 $aBOOK 912 $a9910830842403321 996 $aHydrolysis in drug and prodrug metabolism : chemistry, biochemistry, and enzymology$94085858 997 $aUNINA